ბათუმის შოთა რუსთაველის სახელმწიფო უნივერსიტეტის ბიბლიოთეკა

Реферативный журнал, №6.2013.биология. (ბიბ.ჩანაწერი № 40911)

000 -LEADER
fixed length control field 00565nam a2200181Ia 4500
001 - CONTROL NUMBER
control field 7556
003 - CONTROL NUMBER IDENTIFIER
control field GE_BSU
008 - FIXED-LENGTH DATA ELEMENTS--GENERAL INFORMATION
fixed length control field 181216s||||||||xx |||||||||||||| ||und||
040 ## - CATALOGING SOURCE
Transcribing agency GE_BSU
245 ## - TITLE STATEMENT
Title Реферативный журнал, №6.2013.биология.
245 ## - TITLE STATEMENT
Remainder of title Раздел. Ботаника.Вирусология.Микробиология и др.
245 ## - TITLE STATEMENT
Statement of responsibility, etc. гл.ред.РАН Р.В.Петров и др.
260 ## - PUBLICATION, DISTRIBUTION, ETC.
Place of publication, distribution, etc. Москва.
260 ## - PUBLICATION, DISTRIBUTION, ETC.
Date of publication, distribution, etc. 2013.
300 ## - PHYSICAL DESCRIPTION
Extent 40ст;29см.
653 ## - INDEX TERM--UNCONTROLLED
Uncontrolled term პერიოდიკა
942 ## - ADDED ENTRY ELEMENTS (KOHA)
Koha item type პერიოდიკა
ეგზემპლარები
Withdrawn status Lost status Damaged status Not for loan Date acquired Barcode Date last seen Price effective from Koha item type
        2018-12-17 p75712 2018-12-17 2018-12-17 პერიოდიკა